<?xml version="1.0" encoding="UTF-8"?>
<record
    xmlns:xsi="http://www.w3.org/2001/XMLSchema-instance"
    xsi:schemaLocation="http://www.loc.gov/MARC21/slim http://www.loc.gov/standards/marcxml/schema/MARC21slim.xsd"
    xmlns="http://www.loc.gov/MARC21/slim">

  <leader>02281cam a2200253   4500</leader>
  <controlfield tag="001">7190</controlfield>
  <controlfield tag="005">20181127183116.0</controlfield>
  <controlfield tag="008">071214s2008    nyu      b    001 0 eng</controlfield>
  <datafield tag="020" ind1=" " ind2=" ">
    <subfield code="a">0230551270 (alk. paper)</subfield>
  </datafield>
  <datafield tag="082" ind1="0" ind2="0">
    <subfield code="a">338.9/27</subfield>
    <subfield code="2">22</subfield>
  </datafield>
  <datafield tag="100" ind1=" " ind2=" ">
    <subfield code="a">Hettne, Bj&#xFFFD;rn</subfield>
    <subfield code="b"></subfield>
    <subfield code="c"></subfield>
    <subfield code="d"></subfield>
    <subfield code="e">editor</subfield>
    <subfield code="q"></subfield>
  </datafield>
  <datafield tag="245" ind1="0" ind2="0">
    <subfield code="a">Sustainable development in a globalized world :</subfield>
    <subfield code="b">studies in development, security and culture. Vol 1 /</subfield>
    <subfield code="c">edited by Bj&#xFFFD;rn Hettne.</subfield>
  </datafield>
  <datafield tag="260" ind1=" " ind2=" ">
    <subfield code="a">New York :</subfield>
    <subfield code="b">Palgrave Macmillan,</subfield>
    <subfield code="c">2008.</subfield>
  </datafield>
  <datafield tag="300" ind1=" " ind2=" ">
    <subfield code="a">xl, 294 p. ;</subfield>
    <subfield code="c">23 cm.</subfield>
  </datafield>
  <datafield tag="504" ind1=" " ind2=" ">
    <subfield code="a">Includes bibliographical references and index.</subfield>
  </datafield>
  <datafield tag="505" ind1=" " ind2=" ">
    <subfield code="a">Foreword; D.Br&#xFFFD;ndstr&#xFFFD;m &amp; F.Lundmark -- Preface:  Development, Security and Culture; B.Hettne -- Introduction; B.Hettne -- Development Discourses in  History; B.Hettne -- Reinventing Europe: A Cosmopolitan  Vision; U.Beck -- The Precarious Sustainability of  Democracy in Latin America; O.Sunkel -- Towards a New  School of Thought on Development in South Asia;  P.Wignaraja -- Environmental Load Displacement in World  History; A.Hornborg -- Child Malnutrition. From the  Global Protein Crisis to a Violation of Human Rights;  U.Jonsson -- Culture and Human Rights: It is the 'How'  and not the 'Why' and 'What'; T.Obaid -- Words as Moral  Badges: A Flow of Buzzwords in Development Aid; G.Dahl --  Civil Society, Faith-Based Organisations and Development  in the Arab World; S.Eddin Ibrahim -- The Cultural  Dimension of Gender in Education; P.Mlama --  Environmental Load Displacement in World History;  A.Hornborg -- Reinventing Europe. A Cosmopolitan Vision;  U.Beck -- Islam and Cosmopolitanism; J.N.Pieterse --  Place and Voice in the Global Age; E.Rodriguez Larreta Conclusion; B.Hettne</subfield>
    <subfield code="g"></subfield>
    <subfield code="r"></subfield>
    <subfield code="t"></subfield>
  </datafield>
  <datafield tag="520" ind1=" " ind2=" ">
    <subfield code="a">The result of major research on development, security and  culture, this collection, and second volume Sustainable  Development in a Globalized World, outlines the emerging  field of global studies and the theoretical approach of  global social theory. It considers social relations and the  need for intercultural dialogue to respect 'the other'.</subfield>
  </datafield>
  <datafield tag="650" ind1=" " ind2="0">
    <subfield code="a">Economic development.</subfield>
  </datafield>
  <datafield tag="650" ind1=" " ind2="0">
    <subfield code="a">Social planning.</subfield>
  </datafield>
  <datafield tag="650" ind1=" " ind2="0">
    <subfield code="a">Social policy.</subfield>
  </datafield>
  <datafield tag="650" ind1=" " ind2="0">
    <subfield code="a">Sustainable development.</subfield>
  </datafield>
  <datafield tag="700" ind1="1" ind2=" ">
    <subfield code="a">Hettne, Bj&#xFFFD;rn,</subfield>
    <subfield code="d">1939-</subfield>
  </datafield>
  <datafield tag="999" ind1=" " ind2=" ">
    <subfield code="c">6116</subfield>
    <subfield code="d">6116</subfield>
  </datafield>
  <datafield tag="952" ind1=" " ind2=" ">
    <subfield code="0">0</subfield>
    <subfield code="1">0</subfield>
    <subfield code="2">ddc</subfield>
    <subfield code="4">0</subfield>
    <subfield code="7">0</subfield>
    <subfield code="8">MAIN</subfield>
    <subfield code="a">RTCLIB</subfield>
    <subfield code="b">RTCLIB</subfield>
    <subfield code="c">MAIN</subfield>
    <subfield code="d">2023-08-17</subfield>
    <subfield code="h"> </subfield>
    <subfield code="i">11050</subfield>
    <subfield code="l">0</subfield>
    <subfield code="o">338.9 HET</subfield>
    <subfield code="p">30010992</subfield>
    <subfield code="r">2023-08-17 00:00:00</subfield>
    <subfield code="w">2018-11-27</subfield>
    <subfield code="y">MAIN</subfield>
  </datafield>
</record>
